Statistics for Keeper of the Lost Cities

Click here to take the quiz!

General Stats

  • This quiz has been taken 61 times
  • The average score is 14 of 15

Answer Stats

HintAnswer% Correct
Main CharacterSophie Foster
100%
Best friendDex Dizznee
96%
'First' elf to meet
the main character
Fitz Vacker
96%
Bad guysNeverseen
96%
Pet impIggy
95%
Lord HunkyhairKeefe Sencen
95%
Next-door neighbour/teacher/principalMr Forkle
95%
Unwanted bodyguardSandor
95%
AuthorShannon Messenger
95%
The name of the
excitable alicorn
Silveny
95%
Undercover rebel groupThe Black swan
95%
'No reason to worry.'Alden Vacker
93%
Sister of said personBianna Vacker
93%
Main Character's
adoptive father
Grady Ruewen
93%
His wifeEdaline Ruewen
91%

Score Distribution

Percentile by Number Answered

Percent of People with Each Score

Your Score History

You have not taken this quiz